| 000 | 00629nam a2200181 i 4500 | ||
|---|---|---|---|
| 001 | 31028 | ||
| 003 | ES-MaACL | ||
| 005 | 20230906154309.0 | ||
| 007 | t| | ||
| 008 | 030128s1929 sp ||||1| spa d | ||
| 100 | 1 |
_aBatuecas, Tomás. _926494 |
|
| 245 | 1 | 3 |
_aEl laboratorio de Química del Instituto Forestal de Investigaciones y Experiencias / _cpor T. Batuecas y M. Tomeo. |
| 260 |
_a[S.l. : _bs.n., _c1929] ( _eMadrid) |
||
| 300 |
_a5 h. ; _c22 cm. |
||
| 500 | _aEs Separata de: Anales de la Sociedad Española de Física y Química, p. 157-165. | ||
| 700 | 0 |
_aTomeo Lacrue, Mariano. _9110551 |
|
| 852 |
_aES-MaACL _j1733-F-27 |
||
| 999 |
_c31028 _d31028 |
||